Some aspects of the application of Benford’s law in the analysis of the data set anomalies

Súčasná všeobecne akceptovaná teoretická analýza a predpoklady týkajúce sa implementácie Benfordovho zákona (BZ). História BZ. Definície BZ a ich vzájomná ekvivalencia. Benfordovo rozdelenie. Sedem charakteristík BZ. Testovanie BZ na súbore číselných dajov. Niektoré príklady implementácie BZ, význam...

Descrizione completa

Salvato in:
Dettagli Bibliografici
Autore principale: Joksimović, D.
Altri autori: Knežević, G., Pavlović, Vladan, Ljubić, M., Surový, Vladimír
Natura: Capitolo di libro
Lingua:inglese
Soggetti:
Tags: Aggiungi Tag
Nessun Tag, puoi essere il primo ad aggiungerne!!

MARC

LEADER 00000nla a2200000 4500
001 0227999
005 20240502083614.9
041 0 |a eng 
044 |a US 
245 1 0 |a Some aspects of the application of Benford’s law in the analysis of the data set anomalies  |c D. Joksimović, G. Knežević, Vladan Pavlović, M. Ljubić, Vladimír Surový 
520 |a Súčasná všeobecne akceptovaná teoretická analýza a predpoklady týkajúce sa implementácie Benfordovho zákona (BZ). História BZ. Definície BZ a ich vzájomná ekvivalencia. Benfordovo rozdelenie. Sedem charakteristík BZ. Testovanie BZ na súbore číselných dajov. Niektoré príklady implementácie BZ, význam pre prax. 
610 2 0 |a štatistika 
610 2 0 |a matematika 
610 2 0 |a zákony ekonomické 
610 2 0 |a testovanie hypotéz 
610 2 0 |a údaje štatistické 
610 2 0 |a analýza štatistická 
610 2 0 |a kontrola dát 
610 2 0 |a podvody 
610 2 0 |a definície 
100 1 |a Joksimović, D. 
700 1 |a Knežević, G. 
700 1 |a Pavlović, Vladan 
700 1 |a Ljubić, M. 
700 1 |a Surový, Vladimír